000 00385nam a2200157Ia 4500
008 210716s2011 xx 000 0 und d
020 _a9788130917535
041 _aeng
082 _a658.403 RILP
100 _aRiley, Pippa.
245 _aBusiness decision making.
250 _a1
260 _aNew Delhi
_bViva Books
_c2011
300 _a439
650 _aDecision making(658.403)
999 _c208482
_d208482